000 00787nas a2200205 4500
001 BR7302442
003 BR-BrBNA
005 20231205082430.0
007 ta
008 230509b bl.|||p| |||| 00| 00por d
040 _aBR-BrBNA
_bpor
_cBiblioteca Nacional de Agricultura
041 _a(Pt)
072 _aF70; F50
100 1 _aHoehne, F.C.
245 1 _aOrchidaceas novas para a flora do Brasil, do herbario do Instituto de Botanica, Jardim Botanico, Rio de Janeiro, e Comissao de Linhas Telegraficas, Estrategicas de Mato Grosso ao Amazonas [Angiospermae; Planta herbacea]
650 _aORCHIDACEAE
773 0 _tArquivos de Botanica do Estado de Sao Paulo (Brazil)
_x
_g(Apr 1944), v. 1(6) p. 125-134
_wBR7302442
909 _a202311
_bLúcia
_c55
_dLúcia Elande
942 _2AGRIS
_n0
_cANA
999 _c91762
_d91762